000 01475nam a2200361Ia 4500
001 ebr10057401
003 CaPaEBR
006 m u
007 cr cn|||||||||
008 021202s2002 enk sb 001 0 eng d
015 _aGBA2-V3677
020 _z0333918754 :
020 _z0333714725(series)
040 _aCaPaEBR
_cCaPaEBR
035 _a(OCoLC)179164142
050 1 4 _aPR8567
_b.D86 2002eb
082 0 4 _a820.9003
_221
100 1 _aDunnigan, Sarah,
_d1971-
245 1 0 _aEros and poetry at the courts of Mary Queen of Scots and James VI
_h[electronic resource] /
_cSarah M. Dunnigan.
260 _aBasingstoke :
_bPalgrave,
_c2002.
300 _ax, 219 p.
490 1 _aEarly modern literature in history
504 _aIncludes bibliographical references and index.
533 _aElectronic reproduction.
_bPalo Alto, Calif. :
_cebrary,
_d2009.
_nAvailable via World Wide Web.
_nAccess may be limited to ebrary affiliated libraries.
650 0 _aEnglish poetry
_xScottish authors
_xHistory and criticism.
650 0 _aErotic poetry, English
_xScottish authors
_xHistory and criticism.
650 0 _aMonarchy in literature.
651 0 _aScotland
_xCourt and courtiers
_xHistory
_y16th century.
655 7 _aElectronic books.
_2local
710 2 _aebrary, Inc.
830 0 _aEarly modern literature in history.
856 4 0 _uhttp://site.ebrary.com/lib/rucke/Doc?id=10057401
_zAn electronic book accessible through the World Wide Web; click to view
999 _c71704
_d71704